000 00709nam a2200229 4500
003 OSt
005 20240620062449.0
006 a
008 240620b |||||||| |||| 00| 0 eng d
020 _a1133191312
040 _aDWCL-Main lib.
_cOC
082 _2Seventh edition
_aCirc. 005.756 A214d 2012
100 _aAdamski, Joseph J
245 _aDatabase management concepts /
250 _aSeventh edition
260 _aSingapore :
_bCourse Technology, Cengage Learning,
_cc2012.
300 _axv,
_b415 p. : col. ill. ;
_c27 cm.
504 _aIncludes glossary & index.
650 _a1. Database management.
650 _a2. Relational databases.
942 _2ddc
_n0
_cBK-CIRC
_eSeventh edition
_kCirc.
999 _c988
_d988